000 00735nam a22001217a 4500
040 _cRUA
100 _aMUT BUNHOR,មុត ប៊ុនហ័រ
245 _aCASE OF PARVOVIRUS DISEASE IN DOGS AT CHAMNAN VETERINARY CLINIC,SANGKAT BENG KANG KONG 3,KHAN CHAMKAMORN,PHNOM PENH,ករណីជំងឺ PARVOVIRUS​លើសុនខនៅគ្លីនិកពេទ្យសត្វចំណាន ស្ថិតនៅសង្កាត់បឹងកេងកង៣ ខណ្ឌចំការមន រាជធានីភ្នំពេញ
260 _aphnom penh
_brua
_c2019
300 _ax.30p.
_bill.
_c29cm.
856 _uhttps://drive.google.com/file/d/1vDjyHWufN4QgctzRJeeosGZjUFbWRrJI/view?usp=share_link
942 _cVEM
999 _c20397
_d20397